000 00198nam a22000857a 4500
999 _c11142
_d11142
008 180922b ||||| |||| 00| 0 eng d
100 _aShurthi
_96906
245 _aChuha Saat Poocho
260 _aNew Delhi